[Event "DVM U16 2009"]
[Site "Verden/Aller GER"]
[Date "2009.12.29"]
[Round "6"]
[White "Hager, Joshua Aarash"]
[Black "Xu, Xianliang"]
[Result "1-0"]
[Termination "normal"]
[Board "1.1"]
[WhiteElo "2231"]
[BlackElo "1968"]
[WhiteTeam "OSG Baden-Baden"]
[BlackTeam "SK Bebenhausen"]
[PlyCount "98"]
[WhiteFideId "24642789"]
[BlackFideId "4603230"]
[EventCountry "GER"]
[EventRounds "7"]
[EventType "team-swiss"]
[EventDate "2009.12.26"]

1. e4 c5 2. Nf3 Nc6 3. d4 cxd4 4. Nxd4 g6 5. c4 Nf6 6. Nc3 Nxd4 7. Qxd4 d6 8.
f3 Bg7 9. Be3 O-O 10. Qd2 Be6 11. Rc1 Rc8 12. Nb5 a6 13. Nd4 Nd7 14. Be2 Ne5
15. Nxe6 fxe6 16. O-O Qd7 17. Rfd1 Rc6 18. c5 Rd8 19. b4 Rcc8 20. cxd6 Rxc1 21.
Rxc1 Qxd6 22. Qxd6 exd6 23. Bb6 Rd7 24. Rc8+ Bf8 25. b5 axb5 26. Bxb5 Rf7 27.
Kf2 Kg7 28. Be8 Re7 29. Bd4 Kg8 30. Bb5 Kf7 31. f4 Ng4+ 32. Kf3 Nh6 33. g4 Bg7
34. Bb6 Ng8 35. Bd8 Bd4 36. g5 b6 37. Bxe7 Nxe7 38. Rc7 Bc5 39. Bc4 Bg1 40. h3
Bc5 41. Bb3 Bd4 42. f5 gxf5 43. exf5 Kf8 44. Bxe6 b5 45. f6 b4 46. Rxe7 b3 47.
axb3 h6 48. Rh7 Bxf6 49. gxf6 d5 1-0

[Event "DVM U16 2009"]
[Site "Verden/Aller GER"]
[Date "2009.12.29"]
[Round "6"]
[White "Braun, Georg"]
[Black "Sarchisov, Slavik"]
[Result "1-0"]
[Termination "normal"]
[Board "1.2"]
[WhiteElo "2023"]
[BlackElo "2115"]
[WhiteTeam "SK Bebenhausen"]
[BlackTeam "OSG Baden-Baden"]
[PlyCount "57"]
[WhiteFideId "24629383"]
[BlackFideId "24647888"]
[EventCountry "GER"]
[EventRounds "7"]
[EventType "team-swiss"]
[EventDate "2009.12.26"]

1. e4 d6 2. d4 Nf6 3. Nc3 g6 4. Be3 c6 5. Qd2 b5 6. f3 Nbd7 7. h4 Nb6 8. b3 h5
9. Nh3 Qc7 10. Ng5 Bg7 11. Bd3 b4 12. Ne2 c5 13. c3 bxc3 14. Nxc3 O-O 15. Rc1
Nfd7 16. Ne2 Qd8 17. O-O cxd4 18. Nxd4 Ne5 19. Be2 Bd7 20. f4 Ng4 21. Bxg4 hxg4
22. f5 Be5 23. Qe2 Bxd4 24. Bxd4 f6 25. Qxg4 fxg5 26. Qxg5 e5 27. Qxg6+ Kh8 28.
f6 Rf7 29. Qxf7 1-0

[Event "DVM U16 2009"]
[Site "Verden/Aller GER"]
[Date "2009.12.29"]
[Round "6"]
[White "Bochis, Julia"]
[Black "Kaulich, Philipp Theodor"]
[Result "1-0"]
[Termination "normal"]
[Board "1.3"]
[WhiteElo "2077"]
[BlackElo "1874"]
[WhiteTeam "OSG Baden-Baden"]
[BlackTeam "SK Bebenhausen"]
[PlyCount "69"]
[WhiteFideId "24647276"]
[BlackFideId "4641582"]
[EventCountry "GER"]
[EventRounds "7"]
[EventType "team-swiss"]
[EventDate "2009.12.26"]

1. e4 c5 2. Nf3 d6 3. d4 cxd4 4. Nxd4 Nf6 5. Nc3 g6 6. g3 Nc6 7. Bg2 Bd7 8.
Nde2 Bg7 9. h3 O-O 10. O-O Qa5 11. a4 Rfc8 12. Be3 Rab8 13. Kh2 Ne5 14. Ra2 a6
15. Bd2 Nc4 16. Bc1 Qc7 17. b3 Ne5 18. Nd5 Qd8 19. a5 Nxd5 20. exd5 Be8 21. Be3
Nd7 22. c4 Nc5 23. b4 Nd7 24. Qb3 Qc7 25. Rc1 Qd8 26. Nd4 Nf6 27. c5 dxc5 28.
bxc5 Bd7 29. Bf4 Ra8 30. c6 bxc6 31. dxc6 Bf5 32. Nxf5 gxf5 33. c7 Qe8 34. Bxa8
Rxa8 35. Qb8 1-0

[Event "DVM U16 2009"]
[Site "Verden/Aller GER"]
[Date "2009.12.29"]
[Round "6"]
[White "Zimmermann, Ulrich"]
[Black "Gölgeci, Oguz"]
[Result "1-0"]
[Termination "normal"]
[Board "1.4"]
[WhiteElo "1972"]
[BlackElo "1861"]
[WhiteTeam "SK Bebenhausen"]
[BlackTeam "OSG Baden-Baden"]
[PlyCount "69"]
[WhiteFideId "24654523"]
[BlackFideId "12910120"]
[EventCountry "GER"]
[EventRounds "7"]
[EventType "team-swiss"]
[EventDate "2009.12.26"]

1. e4 e5 2. Nc3 Bc5 3. Bc4 Nf6 4. d3 c6 5. Bg5 h6 6. Bh4 d6 7. Qd2 Qe7 8. O-O-O
b5 9. Bxf6 Qxf6 10. Nxb5 Qe7 11. Nc3 Be6 12. Bb3 Nd7 13. Nf3 Bxb3 14. axb3 Bb4
15. d4 O-O 16. dxe5 Nxe5 17. Kb1 a5 18. Nd4 Qc7 19. f4 Ng6 20. f5 Ne5 21. f6
Bxc3 22. Qxc3 g6 23. Nf5 gxf5 24. Qg3+ Ng6 25. exf5 Kh7 26. fxg6+ fxg6 27. Rhf1
Rad8 28. h4 h5 29. Qg5 Qd7 30. Rf4 Qe6 31. g4 Qe5 32. Rf5 Qe2 33. Rg1 Rg8 34.
Rxa5 Qf2 35. gxh5 1-0

[Event "DVM U16 2009"]
[Site "Verden/Aller GER"]
[Date "2009.12.29"]
[Round "6"]
[White "Kahleys, Kevin"]
[Black "Marx, Joschka"]
[Result "1-0"]
[Termination "normal"]
[Board "2.1"]
[WhiteElo "2034"]
[BlackElo "2020"]
[WhiteTeam "SV Mülheim Nord 1931"]
[BlackTeam "Segeberger SF"]
[PlyCount "96"]
[WhiteFideId "24669601"]
[BlackFideId "24645869"]
[EventCountry "GER"]
[EventRounds "7"]
[EventType "team-swiss"]
[EventDate "2009.12.26"]

1. d4 Nf6 2. c4 g6 3. Nf3 Bg7 4. g3 O-O 5. Bg2 d6 6. O-O Nc6 7. b3 e5 8. e3 Nh5
9. Bb2 f5 10. d5 Ne7 11. Ne1 Bd7 12. f4 e4 13. Bxg7 Nxg7 14. Nc3 h6 15. Nc2 Kh7
16. b4 a5 17. a3 axb4 18. axb4 Rxa1 19. Qxa1 Qa8 20. Qb2 b6 21. Ra1 Qb7 22. b5
Ra8 23. Ra3 Nc8 24. Qa1 Rxa3 25. Qxa3 Qa7 26. Qxa7 Nxa7 27. Nd4 Nc8 28. Na2 Ne7
29. Nb4 Kg8 30. Na6 Ne8 31. g4 Kf8 32. h4 Kg7 33. Kf2 Kf7 34. g5 h5 35. Bf1 Nc8
36. Ke1 Ne7 37. Kd2 Nc8 38. Kc3 Ne7 39. Be2 Bc8 40. Bd1 Bd7 41. Ne2 Nc8 42. Ng3
Ne7 43. Ne2 Nc8 44. Nd4 Ne7 45. Be2 Kg7 46. Nb8 Bc8 47. Bd1 Kf7 48. Ba4 Kf8 1-0

[Event "DVM U16 2009"]
[Site "Verden/Aller GER"]
[Date "2009.12.29"]
[Round "6"]
[White "Schwarzat, Julian"]
[Black "Mundorf, Johannes"]
[Result "1/2-1/2"]
[Termination "normal"]
[Board "2.2"]
[WhiteElo "2022"]
[BlackElo "1858"]
[WhiteTeam "Segeberger SF"]
[BlackTeam "SV Mülheim Nord 1931"]
[PlyCount "83"]
[WhiteFideId "24675857"]
[BlackFideId "24672491"]
[EventCountry "GER"]
[EventRounds "7"]
[EventType "team-swiss"]
[EventDate "2009.12.26"]

1. e4 e6 2. d3 d5 3. Nd2 Nf6 4. Ngf3 dxe4 5. dxe4 Bc5 6. Bc4 Nc6 7. O-O e5 8.
c3 O-O 9. Qc2 Qe7 10. b4 Bb6 11. a4 a6 12. Ba3 Nb8 13. Nb3 Nbd7 14. a5 Ba7 15.
Rfe1 h6 16. Re2 Re8 17. Qa2 Nh5 18. Rd1 Qf6 19. Bc1 Nf8 20. Nc5 Ng6 21. Nd7
Bxd7 22. Rxd7 Re7 23. Rxe7 Qxe7 24. g3 Nf6 25. Qc2 Rd8 26. Be3 Bxe3 27. Rxe3
Rd6 28. Nd2 Qd7 29. Rd3 Qg4 30. Rxd6 cxd6 31. f3 Qd7 32. Qb3 h5 33. Nf1 h4 34.
Kg2 Nh5 35. Ne3 hxg3 36. hxg3 Ngf4+ 37. gxf4 Nxf4+ 38. Kf2 Qh3 39. Qd1 Qh4+ 40.
Kf1 Qh1+ 41. Kf2 Qh2+ 42. Kf1 1/2-1/2

[Event "DVM U16 2009"]
[Site "Verden/Aller GER"]
[Date "2009.12.29"]
[Round "6"]
[White "Simanowski, Mio"]
[Black "Huhnstock, Rico"]
[Result "1-0"]
[Termination "normal"]
[Board "2.3"]
[WhiteElo "1633"]
[BlackElo "1916"]
[WhiteTeam "SV Mülheim Nord 1931"]
[BlackTeam "Segeberger SF"]
[PlyCount "77"]
[WhiteFideId "24687154"]
[BlackFideId "24642932"]
[EventCountry "GER"]
[EventRounds "7"]
[EventType "team-swiss"]
[EventDate "2009.12.26"]

1. e4 c5 2. Nf3 Nc6 3. Bb5 Nd4 4. Nxd4 cxd4 5. c3 a6 6. Bc4 dxc3 7. Nxc3 e6 8.
d4 d6 9. O-O Be7 10. f4 Qc7 11. Bb3 Nf6 12. e5 Nd7 13. exd6 Qxd6 14. d5 Nc5 15.
dxe6 Bxe6 16. Bxe6 Nxe6 17. Qxd6 Bxd6 18. f5 Nc5 19. Re1+ Kd7 20. Rd1 Kc6 21.
Be3 Rhe8 22. Bd4 f6 23. Rac1 a5 24. Kf2 b6 25. Ne2 Kb7 26. Kf3 Rad8 27. Rc2 Ne4
28. Be3 Re7 29. Bf4 Ng5+ 30. Bxg5 fxg5 31. Rcd2 Red7 32. Kg4 h6 33. Kh5 Kc7 34.
Nd4 Bf4 35. Ne6+ Kc8 36. Rxd7 Rxd7 37. Rxd7 Kxd7 38. Nxf4 gxf4 39. Kg6 1-0

[Event "DVM U16 2009"]
[Site "Verden/Aller GER"]
[Date "2009.12.29"]
[Round "6"]
[White "Neitzel, Mirko"]
[Black "Messing, Simon"]
[Result "1/2-1/2"]
[Termination "normal"]
[Board "2.4"]
[WhiteElo "1873"]
[BlackElo "1593"]
[WhiteTeam "Segeberger SF"]
[BlackTeam "SV Mülheim Nord 1931"]
[PlyCount "100"]
[WhiteFideId "24657298"]
[BlackFideId "24651990"]
[EventCountry "GER"]
[EventRounds "7"]
[EventType "team-swiss"]
[EventDate "2009.12.26"]

1. e4 e6 2. d3 d5 3. Nd2 c5 4. Ngf3 Nc6 5. g3 Bd6 6. Bg2 Qc7 7. O-O Nge7 8. Re1
b6 9. Qe2 dxe4 10. dxe4 Ng6 11. Nc4 O-O 12. e5 Be7 13. h4 Ba6 14. h5 Nh8 15.
Qe4 Bxc4 16. Qxc4 Rad8 17. Bf4 Nd4 18. Nxd4 Rxd4 19. Qe2 Qd8 20. c3 Rd7 21. Bc6
Rc7 22. Rad1 Qc8 23. Be4 Rd7 24. Rxd7 Qxd7 25. Qg4 Rd8 26. Kg2 f5 27. exf6 Bxf6
28. Bf3 e5 29. Qxd7 Rxd7 30. Bxe5 Re7 31. Bd5+ Nf7 32. f4 Kf8 33. Bxf7 Kxf7 34.
Kf3 Bxe5 35. fxe5 Ke6 36. Ke4 Rd7 37. Re2 Rd1 38. Rf2 Re1+ 39. Kf4 Rxe5 40. g4
g5+ 41. hxg6 hxg6 42. Rh2 g5+ 43. Kf3 Kd5 44. Rh7 a5 45. Rh6 b5 46. Ra6 a4 47.
Rb6 Kc4 48. Rb8 Kd3 49. Rxb5 Kd2 50. Ra5 Re3+ 1/2-1/2

[Event "DVM U16 2009"]
[Site "Verden/Aller GER"]
[Date "2009.12.29"]
[Round "6"]
[White "Stahnecker, Ludwig"]
[Black "Azizi, Nassim"]
[Result "0-1"]
[Termination "normal"]
[Board "3.1"]
[WhiteElo "1989"]
[BlackElo "1706"]
[WhiteTeam "VfR-SC Koblenz"]
[BlackTeam "Schachfreunde 1974 Heinsberg"]
[PlyCount "72"]
[WhiteFideId "24692026"]
[BlackFideId "4608119"]
[EventCountry "GER"]
[EventRounds "7"]
[EventType "team-swiss"]
[EventDate "2009.12.26"]

1. e4 c5 2. Nf3 d6 3. d4 cxd4 4. Nxd4 Nf6 5. Nc3 a6 6. Be3 e5 7. Nb3 Be6 8. f3
Be7 9. Qd2 Nbd7 10. g4 b5 11. O-O-O O-O 12. h4 Rc8 13. Kb1 b4 14. Ne2 a5 15.
Ng3 a4 16. Nc1 Qc7 17. Nf5 Bxf5 18. gxf5 d5 19. Rg1 Kh8 20. exd5 Nxd5 21. Qxd5
Qxc2+ 22. Ka1 a3 23. Qb3 axb2+ 24. Qxb2 Qxd1 25. Ba6 Qxf3 26. Bxc8 Rxc8 27. Qb3
Qxf5 28. Rd1 Nf8 29. Qd5 Qc2 30. Nb3 Qc3+ 31. Kb1 Qxe3 32. Qb7 Rd8 33. Rxd8
Bxd8 34. Qxf7 Qe4+ 35. Kb2 Qf4 36. Qe8 Bxh4 0-1

[Event "DVM U16 2009"]
[Site "Verden/Aller GER"]
[Date "2009.12.29"]
[Round "6"]
[White "Bender, Andreas"]
[Black "Stahnecker, Wieland"]
[Result "1-0"]
[Termination "normal"]
[Board "3.2"]
[WhiteElo "1831"]
[BlackElo "2040"]
[WhiteTeam "Schachfreunde 1974 Heinsberg"]
[BlackTeam "VfR-SC Koblenz"]
[PlyCount "143"]
[WhiteFideId "4675878"]
[BlackFideId "4694481"]
[EventCountry "GER"]
[EventRounds "7"]
[EventType "team-swiss"]
[EventDate "2009.12.26"]

1. e4 e6 2. d4 d5 3. Nc3 Bb4 4. e5 c5 5. a3 Bxc3+ 6. bxc3 Qc7 7. Nf3 Ne7 8. Bd3
Bd7 9. a4 Nbc6 10. O-O h6 11. Ba3 b6 12. Re1 Na5 13. Nd2 Nb7 14. Qg4 O-O 15.
Re3 Nf5 16. Rh3 Rfe8 17. Rb1 c4 18. Bxf5 exf5 19. Qh5 Qc6 20. Rg3 f4 21. Rf3
Qg6 22. Qxg6 fxg6 23. Rxf4 Bxa4 24. Rb2 g5 25. Rf3 Bd7 26. Nf1 Be6 27. Ng3 Rad8
28. Rb1 Kh7 29. Rb2 Kg6 30. Rb1 Rd7 31. Bb4 Nd8 32. Ra1 Nc6 33. Bd6 h5 34. Re3
b5 35. Ra6 Rc8 36. Re1 h4 37. Nf1 Kf7 38. Rea1 Nb8 39. Rxa7 Nc6 40. Rxd7+ Bxd7
41. Ne3 Ke6 42. Ra6 Re8 43. Kf1 Rc8 44. Ke2 Be8 45. Kd2 Bg6 46. Kc1 Bf7 47. Kb2
Be8 48. Bc5 Bd7 49. Kc1 h3 50. g3 Be8 51. Kd2 Bd7 52. Ke2 Kf7 53. Bd6 Ke6 54.
Kf3 Nd8 55. Bf8+ Kf7 56. Bxg7 b4 57. Ra7 b3 58. cxb3 cxb3 59. Rxd7+ Ke8 60. Rd6
Rb8 61. Nd1 b2 62. Nxb2 Rxb2 63. Bf6 Nb7 64. Re6+ Kf8 65. Bxg5 Rb3 66. Rc6 Na5
67. Rc8+ Kg7 68. e6 Nc4 69. e7 Nd6 70. e8=Q Nxe8 71. Rxe8 Rxc3+ 72. Be3 1-0

[Event "DVM U16 2009"]
[Site "Verden/Aller GER"]
[Date "2009.12.29"]
[Round "6"]
[White "Vossen, Daniel"]
[Black "Schlömer, Armin"]
[Result "0-1"]
[Termination "normal"]
[Board "3.3"]
[WhiteElo "1752"]
[BlackElo "1607"]
[WhiteTeam "VfR-SC Koblenz"]
[BlackTeam "Schachfreunde 1974 Heinsberg"]
[PlyCount "126"]
[BlackFideId "12910090"]
[EventCountry "GER"]
[EventRounds "7"]
[EventType "team-swiss"]
[EventDate "2009.12.26"]

1. d4 Nf6 2. c4 d6 3. Nc3 g6 4. e4 Bg7 5. f3 a5 6. Be3 O-O 7. Qd2 e5 8. d5 Na6
9. Be2 Nd7 10. h4 Nf6 11. Bh6 Nh5 12. g4 Nf4 13. Bxf4 exf4 14. Qxf4 Be5 15. Qe3
Bg3+ 16. Kd1 Bxh4 17. Qh6 g5 18. f4 f6 19. Nf3 Rf7 20. Nxh4 gxh4 21. Qxh4 Qe7
22. Kd2 Nc5 23. Bf3 Bd7 24. Rae1 Rg7 25. Rhg1 Rf8 26. Kc2 Rff7 27. Rg3 f5 28.
Qh3 fxg4 29. Bxg4 Rxf4 30. Bxd7 Rf2+ 31. Kb1 Qxd7 32. Rxg7+ Qxg7 33. Qe3 Qg2
34. Nd1 Rf1 35. Rxf1 Qxf1 36. Qg5+ Kf7 37. Qf5+ Qxf5 38. exf5 Kf6 39. Ne3 Ne4
40. Kc2 Ng3 41. Kd3 Nxf5 42. Ng2 Kg5 43. Ke4 Kg4 44. Ne1 Ng3+ 45. Ke3 h5 46.
Nf3 Nf5+ 47. Kf2 h4 48. a3 a4 49. Nxh4 Kxh4 50. Ke2 Nd4+ 51. Kd3 Nb3 52. Kc3
Kg4 53. Kb4 Nc5 54. Kb5 Kf4 55. Ka5 Ke4 56. Kb4 Kd3 57. Ka5 Kc2 58. Kb4 Kxb2
59. Kb5 Kxa3 60. Ka5 Kb3 61. Kb5 a3 62. Ka5 a2 63. Kb5 Kc3 0-1

[Event "DVM U16 2009"]
[Site "Verden/Aller GER"]
[Date "2009.12.29"]
[Round "6"]
[White "Salzmann, Thomas"]
[Black "Lauer, Florian"]
[Result "1/2-1/2"]
[Termination "normal"]
[Board "3.4"]
[WhiteElo "1667"]
[BlackElo "1678"]
[WhiteTeam "Schachfreunde 1974 Heinsberg"]
[BlackTeam "VfR-SC Koblenz"]
[PlyCount "123"]
[WhiteFideId "12910104"]
[BlackFideId "12910074"]
[EventCountry "GER"]
[EventRounds "7"]
[EventType "team-swiss"]
[EventDate "2009.12.26"]

1. e4 c5 2. Nc3 Nc6 3. g3 Nf6 4. d3 e6 5. Bg2 d5 6. exd5 Nxd5 7. Nge2 g6 8. O-O
Bg7 9. Nxd5 exd5 10. Nf4 d4 11. Re1+ Ne5 12. c3 dxc3 13. bxc3 O-O 14. Bb2 Bf5
15. d4 Nc4 16. Bc1 cxd4 17. Bxb7 Rb8 18. Be4 Bxe4 19. Rxe4 Nd6 20. Rxd4 Bxd4
21. Qxd4 Nb5 22. Qe3 Re8 23. Qf3 Qf6 24. Be3 Nxc3 25. Rc1 Nxa2 26. Rc6 Qa1+ 27.
Kg2 Nb4 28. Rc7 Qe5 29. Nxg6 Qe4 30. Qxe4 Rxe4 31. Ne7+ Kf8 32. Bxa7 Re8 33.
Nf5 R4e5 34. Nd6 R8e7 35. Rxe7 Kxe7 36. Nc4 Re4 37. Ne3 Nd3 38. Kf3 Ra4 39. Bb6
Ne5+ 40. Kg2 Ke6 41. Nd1 Ra2 42. Nc3 Rb2 43. Be3 Rc2 44. Ne4 Kf5 45. Nd6+ Kg6
46. h4 Nc4 47. Nxc4 Rxc4 48. Kf3 Kf5 49. Bf4 Rc3+ 50. Be3 h5 51. Kg2 Kg4 52.
Bg5 Kf5 53. Be3 Ke4 54. Bg5 Kd3 55. Kf3 Rc5 56. Be3 Rc4 57. Bf4 f5 58. Be3 Kc2
59. Bf4 Kd1 60. Be3 Ke1 61. Bf4 Kf1 62. Be3 1/2-1/2

[Event "DVM U16 2009"]
[Site "Verden/Aller GER"]
[Date "2009.12.29"]
[Round "6"]
[White "Raider, Eugen"]
[Black "Butschek, Marc"]
[Result "1-0"]
[Termination "normal"]
[Board "4.1"]
[WhiteElo "1871"]
[BlackElo "1840"]
[WhiteTeam "Königsspringer SC 1984"]
[BlackTeam "Schachgesellschaft Bochum 31"]
[PlyCount "61"]
[WhiteFideId "24657352"]
[BlackFideId "4630904"]
[EventCountry "GER"]
[EventRounds "7"]
[EventType "team-swiss"]
[EventDate "2009.12.26"]

1. Nc3 e6 2. e4 d5 3. d4 Nf6 4. Bg5 Bb4 5. e5 h6 6. Bd2 Bxc3 7. bxc3 Ne4 8. Qg4
Kf8 9. Bd3 Nxd2 10. Kxd2 c5 11. h4 Nc6 12. Rh3 h5 13. Qf4 Bd7 14. Rf3 Be8 15.
Nh3 Qc7 16. Ng5 Nd8 17. Nh7+ Kg8 18. Nf6+ Kf8 19. Qg5 g6 20. Bxg6 cxd4 21. Nh7+
Rxh7 22. Bxh7 dxc3+ 23. Ke1 Nc6 24. Qxh5 Nxe5 25. Qh6+ Ke7 26. Qf6+ Kd7 27. Rg3
Nc4 28. Rg5 Rd8 29. Rxd5+ Nd6 30. Rxd6+ Kxd6 31. Rd1+ 1-0

[Event "DVM U16 2009"]
[Site "Verden/Aller GER"]
[Date "2009.12.29"]
[Round "6"]
[White "Budszuhn, Timo"]
[Black "Stanau, Guido"]
[Result "0-1"]
[Termination "normal"]
[Board "4.2"]
[WhiteElo "1717"]
[BlackElo "2006"]
[WhiteTeam "Schachgesellschaft Bochum 31"]
[BlackTeam "Königsspringer SC 1984"]
[PlyCount "48"]
[WhiteFideId "1270607"]
[BlackFideId "24692255"]
[EventCountry "GER"]
[EventRounds "7"]
[EventType "team-swiss"]
[EventDate "2009.12.26"]

1. e4 c5 2. Nf3 d6 3. d4 cxd4 4. Nxd4 Nf6 5. Nc3 g6 6. Be2 Bg7 7. Be3 O-O 8.
O-O Nc6 9. h3 d5 10. exd5 Nb4 11. Nb3 Nfxd5 12. Nxd5 Nxd5 13. Bd4 e5 14. Bc5
Re8 15. Bb5 Bd7 16. Bxd7 Qxd7 17. c3 Rad8 18. Qc2 b6 19. c4 Nf4 20. Bb4 Qc6 21.
f3 e4 22. fxe4 Rxe4 23. Rad1 Rde8 24. Nd2 Re2 0-1

[Event "DVM U16 2009"]
[Site "Verden/Aller GER"]
[Date "2009.12.29"]
[Round "6"]
[White "Steinfeldt, Henry"]
[Black "Orhan, Eda"]
[Result "1/2-1/2"]
[Termination "normal"]
[Board "4.3"]
[WhiteElo "1796"]
[BlackElo "1780"]
[WhiteTeam "Königsspringer SC 1984"]
[BlackTeam "Schachgesellschaft Bochum 31"]
[PlyCount "40"]
[WhiteFideId "24697176"]
[BlackFideId "24659258"]
[EventCountry "GER"]
[EventRounds "7"]
[EventType "team-swiss"]
[EventDate "2009.12.26"]

1. e4 d5 2. exd5 Qxd5 3. Nc3 Qd6 4. d4 Nf6 5. Bc4 a6 6. Nf3 b5 7. Bb3 Bb7 8.
Be3 e6 9. h3 Nbd7 10. Qd2 c5 11. dxc5 Qxd2+ 12. Bxd2 Bxc5 13. O-O O-O 14. Rfe1
Rfe8 15. a3 Bb6 16. Rad1 Nc5 17. Ba2 Nce4 18. Nxe4 Bxe4 19. c3 Rad8 20. Bg5
Bxf3 1/2-1/2

[Event "DVM U16 2009"]
[Site "Verden/Aller GER"]
[Date "2009.12.29"]
[Round "6"]
[White "Benning, Robert"]
[Black "Hort, Max"]
[Result "0-1"]
[Termination "normal"]
[Board "4.4"]
[WhiteElo "1316"]
[BlackElo "1850"]
[WhiteTeam "Schachgesellschaft Bochum 31"]
[BlackTeam "Königsspringer SC 1984"]
[PlyCount "52"]
[WhiteFideId "1271707"]
[BlackFideId "24600849"]
[EventCountry "GER"]
[EventRounds "7"]
[EventType "team-swiss"]
[EventDate "2009.12.26"]

1. d4 d5 2. c4 c6 3. Nf3 Nf6 4. Bg5 e6 5. e3 h6 6. Bh4 g5 7. Bg3 Bb4+ 8. Nbd2
g4 9. a3 Be7 10. Ne5 h5 11. Bh4 Nbd7 12. Nd3 dxc4 13. Nxc4 Ne4 14. Bxe7 Qxe7
15. Qc2 Nd6 16. Be2 Nxc4 17. Qxc4 Nb6 18. Qc3 Bd7 19. O-O Qg5 20. d5 Rg8 21.
dxe6 Bxe6 22. Nc5 O-O-O 23. Nxe6 fxe6 24. Rac1 h4 25. Rfe1 g3 26. f4 gxh2+ 0-1

[Event "DVM U16 2009"]
[Site "Verden/Aller GER"]
[Date "2009.12.29"]
[Round "6"]
[White "Zarafat, Daniel"]
[Black "Raum, Sebastian"]
[Result "0-1"]
[Termination "normal"]
[Board "5.1"]
[WhiteElo "1831"]
[BlackElo "1910"]
[WhiteTeam "SC Noris-Tarrasch Nürnberg 1873"]
[BlackTeam "SG Oesede-Georgsmarienhütte"]
[PlyCount "35"]
[WhiteFideId "4625781"]
[BlackFideId "24673935"]
[EventCountry "GER"]
[EventRounds "7"]
[EventType "team-swiss"]
[EventDate "2009.12.26"]

1. e4 c5 2. d4 cxd4 3. c3 Nf6 4. e5 Nd5 5. cxd4 d6 6. Bc4 Nb6 7. Bb3 dxe5 8.
Qf3 e6 9. dxe5 Nc6 10. Qe4 Qd4 11. Qxd4 Nxd4 12. Bd2 Bc5 13. Nc3 Bd7 14. Nh3
Nc4 15. f4 Bc6 16. Kf1 O-O-O 17. Nf2 Nxe5 18. Ba4 0-1

[Event "DVM U16 2009"]
[Site "Verden/Aller GER"]
[Date "2009.12.29"]
[Round "6"]
[White "Thumulka, Patrick"]
[Black "Kulok, Solomon"]
[Result "1-0"]
[Termination "normal"]
[Board "5.2"]
[WhiteElo "1892"]
[BlackElo "1650"]
[WhiteTeam "SG Oesede-Georgsmarienhütte"]
[BlackTeam "SC Noris-Tarrasch Nürnberg 1873"]
[PlyCount "73"]
[WhiteFideId "24676870"]
[BlackFideId "24652210"]
[EventCountry "GER"]
[EventRounds "7"]
[EventType "team-swiss"]
[EventDate "2009.12.26"]

1. e4 c5 2. Nf3 e6 3. d4 cxd4 4. Nxd4 a6 5. Bd3 Qc7 6. O-O Nc6 7. Nxc6 bxc6 8.
Be3 d5 9. Nd2 Nf6 10. Qf3 Bd6 11. h3 O-O 12. Rfe1 Bb7 13. Bg5 Be5 14. Bxf6 Bxf6
15. e5 Be7 16. Qg4 c5 17. c3 Rfd8 18. Rad1 Rac8 19. Nf1 Qb6 20. Rd2 Rd7 21. Ng3
Kh8 22. Nh5 Bf8 23. Re3 d4 24. Rg3 f5 25. exf6 g6 26. Bxg6 Bd6 27. Qxe6 Qd8 28.
Bf5 Rcc7 29. Rg7 Rxg7 30. fxg7+ Rxg7 31. Nxg7 Qg5 32. Qe8+ Kxg7 33. Qd7+ Qe7
34. Qxe7+ Bxe7 35. cxd4 cxd4 36. Rxd4 Kf7 37. Bxh7 1-0

[Event "DVM U16 2009"]
[Site "Verden/Aller GER"]
[Date "2009.12.29"]
[Round "6"]
[White "Sabnew, Andrej"]
[Black "Düssler, Stefanie"]
[Result "1/2-1/2"]
[Termination "normal"]
[Board "5.3"]
[WhiteElo "1710"]
[BlackElo "1784"]
[WhiteTeam "SC Noris-Tarrasch Nürnberg 1873"]
[BlackTeam "SG Oesede-Georgsmarienhütte"]
[PlyCount "84"]
[WhiteFideId "4625722"]
[BlackFideId "4634780"]
[EventCountry "GER"]
[EventRounds "7"]
[EventType "team-swiss"]
[EventDate "2009.12.26"]

1. e4 e6 2. d4 d5 3. exd5 exd5 4. Nf3 Bd6 5. Bd3 Ne7 6. h3 Bf5 7. O-O Qd7 8.
Bxf5 Qxf5 9. Re1 Nbc6 10. Nc3 O-O-O 11. Ne2 f6 12. c3 g5 13. b4 g4 14. hxg4
Qxg4 15. Nh2 Bxh2+ 16. Kxh2 Rhg8 17. Ng3 Qg7 18. Qf3 h5 19. a4 h4 20. Nf5 Nxf5
21. Qxf5+ Kb8 22. Qf3 Qf7 23. Ra2 Rg7 24. Rae2 Rdg8 25. Rg1 Rg3 26. fxg3 hxg3+
27. Qxg3 Rxg3 28. Kxg3 Qg6+ 29. Kf2 Qf5+ 30. Ke1 Qh5 31. Rf1 Qh4+ 32. Kd1 Kc8
33. Ref2 Qg4+ 34. Kc2 Ne7 35. Rxf6 Qxg2+ 36. Kb3 Ng6 37. R1f2 Qg1 38. Rf1 Qg2
39. Be3 Qe2 40. Bg5 Qc4+ 41. Kb2 Qe2+ 42. Kc1 Qa2 1/2-1/2

[Event "DVM U16 2009"]
[Site "Verden/Aller GER"]
[Date "2009.12.29"]
[Round "6"]
[White "Fischer, Marvin"]
[Black "Myagkov, Kirill"]
[Result "1-0"]
[Termination "normal"]
[Board "5.4"]
[WhiteElo "1438"]
[BlackElo "1786"]
[WhiteTeam "SG Oesede-Georgsmarienhütte"]
[BlackTeam "SC Noris-Tarrasch Nürnberg 1873"]
[PlyCount "75"]
[WhiteFideId "12910082"]
[BlackFideId "24657042"]
[EventCountry "GER"]
[EventRounds "7"]
[EventType "team-swiss"]
[EventDate "2009.12.26"]

1. e4 d5 2. exd5 Qxd5 3. Nc3 Qa5 4. d4 c6 5. Bc4 Nf6 6. Bd2 Qc7 7. Nf3 Bg4 8.
h3 Bh5 9. Qe2 e6 10. O-O Bd6 11. Rfe1 O-O 12. Ne4 Nxe4 13. Qxe4 Nd7 14. Bd3 Nf6
15. Qh4 Bxf3 16. gxf3 Be7 17. Bg5 h6 18. Bxf6 Bxf6 19. Qe4 Rfd8 20. c3 Qd6 21.
Kh1 c5 22. Rad1 cxd4 23. cxd4 Qxd4 24. Qxb7 Qxf2 25. Re2 Qg3 26. Rg1 Qf4 27.
Rg4 Qc1+ 28. Rg1 Qc5 29. Reg2 Rab8 30. Bh7+ Kxh7 31. Qxf7 Rg8 32. Rg6 Qf5 33.
R1g4 Qxf3+ 34. Rg2 Qxh3+ 35. Rh2 Qf1+ 36. Rg1 Qf3+ 37. Rgg2 Rxb2 38. Rxh6+ 1-0

[Event "DVM U16 2009"]
[Site "Verden/Aller GER"]
[Date "2009.12.29"]
[Round "6"]
[White "Horbach, Fabian"]
[Black "Konow, Philipp"]
[Result "1/2-1/2"]
[Termination "normal"]
[Board "6.1"]
[WhiteElo "1786"]
[BlackElo "1864"]
[WhiteTeam "SV 1949 Herzogenrath"]
[BlackTeam "Stader Schachverein"]
[PlyCount "99"]
[WhiteFideId "12910139"]
[BlackFideId "4635230"]
[EventCountry "GER"]
[EventRounds "7"]
[EventType "team-swiss"]
[EventDate "2009.12.26"]

1. d4 d5 2. Nf3 Nf6 3. e3 Bg4 4. h3 Bh5 5. g4 Bg6 6. Ne5 e6 7. h4 h6 8. Nxg6
fxg6 9. Bd3 Bd6 10. Bxg6+ Ke7 11. c4 c6 12. Nc3 dxc4 13. e4 Bb4 14. g5 Ne8 15.
Be3 Qa5 16. Qd2 hxg5 17. Bxg5+ Kd7 18. O-O-O Nd6 19. d5 cxd5 20. exd5 e5 21.
Rhe1 Nb5 22. Bf5+ Kd6 23. Rxe5 Nxc3 24. Re6+ Kc5 25. bxc3 Bxc3 26. Qe3+ Kb5 27.
a4+ Kxa4 28. Kc2 Rf8 29. Bg6 Na6 30. Qxc3 Rxf2+ 31. Bd2 Nb4+ 32. Kb2 Kb5 33.
Qa3 Nd3+ 34. Bxd3 Rxd2+ 35. Rxd2 Qxd2+ 36. Bc2 Qd4+ 37. Qc3 Qxh4 38. Qxg7 Ka5
39. Qc7+ b6 40. Qc6 Qd4+ 41. Ka2 Kb4 42. Re4 Qc3 43. Qa4+ Kc5 44. d6 b5 45.
Qa3+ Qxa3+ 46. Kxa3 Kxd6 47. Kb4 a6 48. Rh4 Kc7 49. Rh6 Ra7 50. Be4 1/2-1/2